00706 2200253 4500001002100000005001700021008004100038020001800079035002500097082001200122084001800134100002900152245008000181250001000261260002600271300003500297504001700332650001600349700002100365850001200386990001800398990001800416990001800434YOGYA-0411000000218120151009094521.0 ind  a979-683-845-1 a0010-041100000002181 a338.312 a338.312 Sur R aSURYO PUTRANTO. Leksmono aRekayasa lalu lintas / Leksmono Surya Putranto ; penyunting Bambang Sarwiji aCet.1 aJakartabIndeksc2008 axiv,150 hlm. :bilus. ;c25 cm ahlm. 149-150 aLalu Lintas aSarwiji, Bambang aYOPDYOG a51810-PD/B.10 a51811-PD/B.10 a51812-PD/B.10